[Event "Golubitskaya Rating"]
[Site "Golubitskaya"]
[Date "2008.07.10"]
[Round "?"]
[White "Maltsev, Viktor"]
[Black "Prikhodko, Sergey"]
[Result "0-1"]
[WhiteElo "2098"]
[BlackElo "2074"]
[PlyCount "101"]
[EventDate "2008.07.05"]
[EventType "tourn"]
[EventRounds "11"]
[EventCountry "RUS"]
[SourceTitle "EXT 2022"]
[Source "ChessBase"]
[SourceDate "2021.10.06"]
[SourceVersion "1"]
[SourceVersionDate "2021.10.06"]
[SourceQuality "1"]

1. e4 c5 2. Nc3 Nc6 3. g3 g6 4. d3 d6 5. Bg2 Bg7 6. f4 e5 7. Nf3 Nge7 8. 0-0 0-0 9. f5 gxf5 10. exf5 Bxf5 11. Ng5 Bg6 12. Be3 Rb8 13. h4 h6 14. h5 hxg5 15. hxg6 Nxg6 16. Qd2 Bh6 17. Bd5 Nb4 18. Bb3 d5 19. a3 d4 20. axb4 dxe3 21. Qxe3 cxb4 22. Ne4 Kg7 23. Rxa7 f5 24. Nd2 g4 25. Qe2 Bxd2 26. Qxd2 Qd4+ 27. Qf2 Qxf2+ 28. Rxf2 f4 29. gxf4 exf4 30. Bd5 g3 31. Re2 f3 32. Bxf3 Rxf3 33. Kg2 Rf2+ 34. Rxf2 gxf2 35. Kxf2 Nf4 36. Ke3 Ne6 37. c3 bxc3 38. bxc3 Kf6 39. d4 Nd8 40. c4 Rc8 41. Ra4 Ke6 42. d5+ Kd6 43. Kd4 b6 44. Ra6 Rb8 45. Kc3 Kc5 46. Ra7 Nb7 47. Ra6 Nd6 48. Ra4 Ne4+ 49. Kb3 Kd4 50. Kb4 Rc8 51. Kb5 0-1